Poctivý Abe Vyprávění o životě Abrahama Lincolna osvoboditele otroků 1809 - 1865

Bibliographic Details
Main Author: Zhoř, Antonín, 1896-1965 (Author)
Format: Book
Language:Undetermined
PhysicalDescription:235 s.
Published: Praha Státní nakl. dětské knihy 1961
Edition:1. vyd.

MARC

LEADER 00000nam a2200000 a 4500
001 vtls001466918
003 SK-MaSNL
005 20260301203515.0
008 240314s1961 xx 0 und
035 |a SNK000422223 
040 |a SNK  |b slo  |c SNK  |e AACR2 
100 1 |a Zhoř, Antonín,  |d 1896-1965  |4 aut  |9 131612 
245 1 0 |a Poctivý Abe  |b Vyprávění o životě Abrahama Lincolna osvoboditele otroků 1809 - 1865 
250 |a 1. vyd. 
260 |a Praha  |b Státní nakl. dětské knihy  |c 1961 
300 |a 235 s. 
999 |c 902873  |d 904803 
952 |t P60, <04>, [BOOK], {604}  |a SNK  |b SNK  |y VYP  |7 0  |p 17A0409495  |o snkIC 29322  |i snkKIP 9829/61  |0 0  |1 0  |4 0  |d 2004-01-26  |l 0  |r 2005-01-02 00:00:00  |w 2026-02-24